00574nam a2200193 a 450000500170000000800410001702000170005805000250007510000200010024500750012026000290019530000350022452100090025954600100026865000240027865000380030270000190034070000210035920140310183337.0061024s19uu xx 00 eng d a0-25613619-x aHD 30.28b.B899 1996 aByars, Lloyd L. aStrategic management/.cLloyd L. Byars, Leslie W. Rue, Shaker A. Zahra aChicago :bIrwin,c1996. a1043 p. :bcol. ill. ;c24 cm. aBSBA aC7772 aStrategic planning. aStrategic planningxCase studies. aRue, Leslie W. aZahra, Shaker A.